| 000 | 00375nam a22001337a 4500 | ||
|---|---|---|---|
| 082 |
_a666.894 _bGAM _cL-19, P-89, : |
||
| 100 |
_aM L Gambhir _926334 |
||
| 245 | _aConcrete Technology | ||
| 260 |
_aNew Delhi _bTata McGrw-Hill Publishing Company Limited _c1989 |
||
| 300 | _aix, 318 P, : | ||
| 526 |
_a0 _b0 _c0 _d666_894000000000000_GAM |
||
| 650 |
_aMCE _9379 |
||
| 942 |
_2ddc _cBK |
||
| 999 |
_c548568 _d548568 |
||